000 00523nam a22001577a 4500
020 _a9788131717936
082 _a621.3822 KUO
100 _aKuo, Sen M. (Sen-Maw)
245 _aDigital signal processors : architectures, implementations, and applications
260 _aNew Delhi, India
_bPearson Education
_c2005
300 _a619 p.
_bill. ;
_e1CD-ROM (4 3/4 in.)
500 _aIncludes bibliographical references and index.
650 _aSignal processing --Digital techniques.
700 _aGan, Woon-Seng.
942 _cBK
999 _c12626
_d12626